000 00524nam a2200169Ia 4500
003 GCL
008 140319s9999 xx 000 0 ara d
040 _aGCL /
_cGCL
082 0 4 _a301
_bق س
100 1 _aقصى الحسينى
245 1 0 _aالسوسيولوجيا والادب /
_cقصى الحسينى
260 _aبيروت :
_bالمؤسسة الجامعية للدراسات والنشر والتوزيع ،
_c1993
300 _a174 ؛
_c22 سم
490 _a
650 0 4 _aالاجتماع
942 _2ddc
_cBK
999 _c55084
_d55084